000 00515nam a22001697a 4500
999 _c182049
_d182049
005 20211021152723.0
010 _aEN230921
020 _a9789353228866
_c350.00
037 _bPrabhat Prakashan
100 _aAgrawal, P.K..
245 _aIndian art and culture /
_cP.K.Agrawal
260 _aNew Delhi
_bPrabhat Prakashan
_c2020
270 _a4/19, Asaf Ali Road,
_bNew Delhi
_e110002
300 _a106,1-10p. :
_c26 cm(pbk)
500 _aFor civil services preliminary and main examinations
942 _2ddc
_cEN
_mAGR